<?xml version="1.0" encoding="UTF-8"?>
<record
    xmlns:xsi="http://www.w3.org/2001/XMLSchema-instance"
    xsi:schemaLocation="http://www.loc.gov/MARC21/slim http://www.loc.gov/standards/marcxml/schema/MARC21slim.xsd"
    xmlns="http://www.loc.gov/MARC21/slim">

  <leader>00814nam a22002417a 4500</leader>
  <controlfield tag="005">20131004145210.0</controlfield>
  <controlfield tag="008">090728t        xxu||||| |||| 00| 0 pun d</controlfield>
  <datafield tag="010" ind1=" " ind2=" ">
    <subfield code="a">PUN-7571</subfield>
  </datafield>
  <datafield tag="020" ind1=" " ind2=" ">
    <subfield code="c">350.00</subfield>
    <subfield code="a">9788186745434</subfield>
  </datafield>
  <datafield tag="035" ind1=" " ind2=" ">
    <subfield code="a">PN-6689</subfield>
  </datafield>
  <datafield tag="037" ind1=" " ind2=" ">
    <subfield code="b">DBAD / PUB</subfield>
  </datafield>
  <datafield tag="037" ind1=" " ind2=" ">
    <subfield code="b">Satwant Book Agency</subfield>
  </datafield>
  <datafield tag="040" ind1=" " ind2=" ">
    <subfield code="a">dpl</subfield>
    <subfield code="b">pn</subfield>
  </datafield>
  <datafield tag="082" ind1=" " ind2=" ">
    <subfield code="a">851.08</subfield>
  </datafield>
  <datafield tag="100" ind1=" " ind2=" ">
    <subfield code="a">&#xA05;&#xA2E;&#xA30;&#xA1C;&#xA40;&#xA24; &#xA38;&#xA3F;&#xA70;&#xA18; </subfield>
  </datafield>
  <datafield tag="245" ind1=" " ind2=" ">
    <subfield code="a">&#xA2E;&#xA71;&#xA27;&#xA15;&#xA3E;&#xA32;&#xA40; &#xA24;&#xA47; &#xA06;&#xA27;&#xA41;&#xA28;&#xA3F;&#xA15; &#xA2A;&#xA70;&#xA1C;&#xA3E;&#xA2C;&#xA40; &#xA38;&#xA3E;&#xA39;&#xA3F;&#xA24; /</subfield>
    <subfield code="c">&#xA05;&#xA2E;&#xA30;&#xA1C;&#xA40;&#xA24; &#xA38;&#xA3F;&#xA70;&#xA18; </subfield>
  </datafield>
  <datafield tag="246" ind1=" " ind2=" ">
    <subfield code="a">Madhkali te adhunik punjabi sahit</subfield>
    <subfield code="b">by Amarjit Singh</subfield>
  </datafield>
  <datafield tag="260" ind1=" " ind2=" ">
    <subfield code="a">New Delhi</subfield>
    <subfield code="b">Satwant Book Agency</subfield>
    <subfield code="c">2012</subfield>
  </datafield>
  <datafield tag="270" ind1=" " ind2=" ">
    <subfield code="b">New Delhi</subfield>
  </datafield>
  <datafield tag="300" ind1="4" ind2=" ">
    <subfield code="a">184p.</subfield>
    <subfield code="c">22&#xA38;&#xA47;&#xA02;&#xA2E;&#xA40; (&#xA38;&#xA1C;&#xA3F;&#xA32;&#xA71;&#xA26;)</subfield>
  </datafield>
  <datafield tag="942" ind1=" " ind2=" ">
    <subfield code="2">ddc</subfield>
    <subfield code="c">PN</subfield>
    <subfield code="h">851.08</subfield>
    <subfield code="m">&#xA05;&#xA2E;&#xA30;</subfield>
  </datafield>
  <datafield tag="999" ind1=" " ind2=" ">
    <subfield code="c">79824</subfield>
    <subfield code="d">79824</subfield>
  </datafield>
  <datafield tag="952" ind1=" " ind2=" ">
    <subfield code="0">0</subfield>
    <subfield code="1">0</subfield>
    <subfield code="2">ddc</subfield>
    <subfield code="4">0</subfield>
    <subfield code="7">0</subfield>
    <subfield code="8">NFIC</subfield>
    <subfield code="a">DBAD</subfield>
    <subfield code="b">DBAD</subfield>
    <subfield code="d">2013-10-04</subfield>
    <subfield code="e">DBAD</subfield>
    <subfield code="g">350.00</subfield>
    <subfield code="l">0</subfield>
    <subfield code="o">851.08 &#xA05;&#xA2E;&#xA30;</subfield>
    <subfield code="p">PN-6689</subfield>
    <subfield code="r">2013-10-04 00:00:00</subfield>
    <subfield code="t">1</subfield>
    <subfield code="v">350.00</subfield>
    <subfield code="w">2013-10-04</subfield>
    <subfield code="y">PN</subfield>
  </datafield>
</record>
